[Event "XXVII Festival Conca della Presolana A"]
[Site "Bratto - Castione della Presolana ITA"]
[Date "2007.08.27"]
[Round "5"]
[White "Brunello, Marina"]
[Black "Valenti, Giuseppe"]
[Result "1/2-1/2"]
[WhiteElo "1947"]
[BlackElo "2221"]
[PlyCount "100"]
[EventDate "2007.08.23"]

1. e4 c5 2. Nf3 e6 3. d4 cxd4 4. Nxd4 a6 5. Nc3 Qc7 6. Bd3 Nf6 7. O-O b5 8. Qe2
d6 9. f4 b4 10. Nd1 Nbd7 11. Bd2 Be7 12. Nf2 Qb6 13. Nb3 e5 14. Be3 Qc7 15. Ng4
Bb7 16. fxe5 dxe5 17. Nxf6+ Nxf6 18. Nd2 O-O 19. Qf3 Bc8 20. Rae1 Ng4 21. Nc4
Be6 22. b3 a5 23. Bc1 Bc5+ 24. Kh1 Qa7 25. Re2 Qc7 26. h3 Nf6 27. Bb2 Nd7 28.
Qg3 f6 29. Ne3 Bxe3 30. Qxe3 Nc5 31. Rd2 Rfd8 32. Qe2 a4 33. Bc4 axb3 34. axb3
Rxd2 35. Bxe6+ Nxe6 36. Qxd2 Ra2 37. Qd5 Kf7 38. Bxe5 Qxc2 39. Qd7+ Kg6 40.
Qe8+ Kh6 41. Rg1 Qxb3 42. Bd6 Re2 43. Bxb4 Rxe4 44. Bd2+ g5 45. Rf1 Qb2 46. Bb4
Re2 47. Bf8+ Nxf8 48. Qxf8+ Kg6 49. Qg8+ Kh6 50. Qf8+ Kg6 1/2-1/2

[Event "XXVII Festival Conca della Presolana A"]
[Site "Bratto - Castione della Presolana ITA"]
[Date "2007.08.27"]
[Round "5"]
[White "Buono, Michele"]
[Black "Danieli, Enrico"]
[Result "0-1"]
[WhiteElo "2170"]
[BlackElo "2117"]
[PlyCount "142"]
[EventDate "2007.08.23"]

1. e4 c6 2. Nf3 d5 3. exd5 cxd5 4. Ne5 Nf6 5. d4 e6 6. c3 Nc6 7. Bb5 Qb6 8. Qa4
Bd7 9. Nxd7 Nxd7 10. O-O Bd6 11. Nd2 O-O 12. Nf3 Nf6 13. Bd3 h6 14. Rb1 Qc7 15.
Re1 a6 16. Qc2 b5 17. Bd2 Rfc8 18. Qc1 Kf8 19. a3 Rab8 20. h3 Na5 21. Ne5 Nb3
22. Qd1 Nxd2 23. Qxd2 Bxe5 24. Rxe5 a5 25. Ree1 Ne8 26. Qe3 Nd6 27. Qf3 Kg8 28.
Re2 Nc4 29. Ra1 b4 30. axb4 axb4 31. Bxc4 Qxc4 32. Ra7 Rc7 33. Qg3 Rbc8 34.
Rxc7 Qxc7 35. Qxc7 Rxc7 36. Rc2 Rc4 37. f4 g5 38. fxg5 hxg5 39. Kf2 bxc3 40.
bxc3 Kg7 41. Ke3 Ra4 42. Kd3 Kg6 43. Rf2 Ra1 44. Rc2 Rf1 45. Ke2 Rf4 46. Kd3
Kh5 47. c4 dxc4+ 48. Rxc4 Rf2 49. Ke3 Rxg2 50. Kf3 Rd2 51. Kg3 Rd3+ 52. Kg2 Kg6
53. Ra4 Kf5 54. Ra7 f6 55. Ra4 Ke4 56. Ra6 Kd5 57. Ra5+ Kxd4 58. Ra4+ Ke5 59.
h4 gxh4 60. Rxh4 f5 61. Kf2 f4 62. Ke2 Ra3 63. Rh6 Kd5 64. Rh8 e5 65. Rb8 Ke4
66. Rb4+ Kf5 67. Rb8 Ra2+ 68. Ke1 e4 69. Rg8 e3 70. Rb8 Ke4 71. Rh8 Ra1+ 0-1

[Event "XXVII Festival Conca della Presolana A"]
[Site "Bratto - Castione della Presolana ITA"]
[Date "2007.08.27"]
[Round "5"]
[White "Burmakin, Vladimir"]
[Black "Efimov, Igor"]
[Result "1-0"]
[WhiteElo "2581"]
[BlackElo "2426"]
[PlyCount "122"]
[EventDate "2007.08.23"]

1. d4 e6 2. c4 Nf6 3. Nf3 b6 4. g3 Bb4+ 5. Bd2 Bxd2+ 6. Nbxd2 Bb7 7. Bg2 O-O 8.
O-O d6 9. Qc2 c5 10. e4 cxd4 11. Nxd4 a6 12. Rad1 Qc7 13. b3 Nc6 14. Nxc6 Bxc6
15. Rfe1 Rac8 16. Nf3 Bb7 17. Qd3 Rfd8 18. Nd4 g6 19. Rd2 d5 20. cxd5 exd5 21.
e5 Ne4 22. Rdd1 Re8 23. Bh3 Rcd8 24. f4 b5 25. Rc1 Qb6 26. b4 f6 27. exf6 Qxf6
28. Nb3 Re7 29. Qd4 Qxd4+ 30. Nxd4 Rde8 31. Bg2 Kg7 32. Nb3 h5 33. Nc5 Bc8 34.
Nd3 Bb7 35. Ne5 g5 36. Bxe4 dxe4 37. Kf2 h4 38. Ke3 Rh8 39. Rg1 Kf6 40. Rc5
hxg3 41. fxg5+ Kg7 42. hxg3 Rh2 43. Rgc1 Kg8 44. Ng4 Rxa2 45. Rc7 Ra3+ 46. Ke2
Kf8 47. Rxe7 Kxe7 48. Rc7+ Ke6 49. Rxb7 Rxg3 50. Rb6+ Kf5 51. Ne3+ Kf4 52. Rf6+
Kxg5 53. Rxa6 Kf4 54. Rf6+ Ke5 55. Rf8 Rh3 56. Kd2 Rf3 57. Rh8 Kf4 58. Rh4+ Ke5
59. Rh5+ Kf4 60. Rf5+ Kg3 61. Rxb5 Kf2 1-0

[Event "XXVII Festival Conca della Presolana A"]
[Site "Bratto - Castione della Presolana ITA"]
[Date "2007.08.27"]
[Round "5"]
[White "Cardili, Mariano"]
[Black "Cordara, Michele"]
[Result "1/2-1/2"]
[WhiteElo "2094"]
[BlackElo "2151"]
[PlyCount "42"]
[EventDate "2007.08.23"]

1. d4 Nf6 2. c4 e6 3. Nc3 Bb4 4. e3 b6 5. Nf3 Bb7 6. Bd3 Ne4 7. Qc2 f5 8. O-O
Bxc3 9. bxc3 O-O 10. Nd2 Qh4 11. f3 Ng5 12. Ba3 Rf6 13. Be7 Rh6 14. Bxg5 Qxg5
15. Rfe1 Nc6 16. Nf1 Rf8 17. Qd2 Ne7 18. e4 f4 19. a4 e5 20. Rab1 d6 21. Qf2
Bc6 1/2-1/2

[Event "XXVII Festival Conca della Presolana A"]
[Site "Bratto - Castione della Presolana ITA"]
[Date "2007.08.27"]
[Round "5"]
[White "Castrogiovanni, Carlo"]
[Black "Chierici, Marianna"]
[Result "0-1"]
[WhiteElo "2086"]
[BlackElo "2004"]
[PlyCount "60"]
[EventDate "2007.08.23"]

1. d4 f5 2. g3 e6 3. Bg2 d5 4. Nh3 Nf6 5. f3 c5 6. e3 Nc6 7. Nf2 b6 8. O-O Qc7
9. Na3 Ba6 10. Re1 O-O-O 11. c3 h5 12. e4 cxd4 13. Qa4 Qb7 14. e5 Ng8 15. cxd4
Be7 16. Bd2 b5 17. Qc2 b4 18. Nb1 Kb8 19. Be3 h4 20. Nd2 hxg3 21. hxg3 Rc8 22.
Rac1 Nh6 23. Qd1 f4 24. Bxf4 Nf5 25. Bf1 g5 26. Bxa6 Qxa6 27. g4 gxf4 28. gxf5
Rcg8+ 29. Ng4 exf5 30. Qc2 fxg4 0-1

[Event "XXVII Festival Conca della Presolana A"]
[Site "Bratto - Castione della Presolana ITA"]
[Date "2007.08.27"]
[Round "5"]
[White "Cugini, Verter"]
[Black "Testa, Adriano"]
[Result "0-1"]
[WhiteElo "2199"]
[BlackElo "1927"]
[PlyCount "82"]
[EventDate "2007.08.23"]

1. e4 c6 2. c4 d5 3. cxd5 cxd5 4. exd5 Nf6 5. Bb5+ Nbd7 6. Nc3 a6 7. Qa4 Rb8 8.
Bxd7+ Qxd7 9. Qxd7+ Bxd7 10. d4 Rd8 11. Bf4 Bf5 12. d6 e6 13. O-O-O Bxd6 14.
Nge2 Bb4 15. f3 Nd5 16. Bd2 Rc8 17. g4 Bd3 18. Nf4 Nxf4 19. Bxf4 Be2 20. Rde1
Bxf3 21. Rhg1 Bxc3 22. bxc3 Rxc3+ 23. Kb2 Rc8 24. a4 b6 25. Rg3 Bc6 26. Rc1 Ke7
27. Ka3 Bd7 28. Rgc3 Rxc3+ 29. Rxc3 Rc8 30. Rxc8 Bxc8 31. Kb4 Kd7 32. g5 f6 33.
h4 Kc6 34. h5 fxg5 35. Bxg5 Bd7 36. Bd8 b5 37. a5 Be8 38. h6 gxh6 39. Bh4 Kd5
40. Bf2 h5 41. Kc3 Bg6 0-1

[Event "XXVII Festival Conca della Presolana A"]
[Site "Bratto - Castione della Presolana ITA"]
[Date "2007.08.27"]
[Round "5"]
[White "D'Apa, Matteo"]
[Black "Guido, Flavio"]
[Result "1/2-1/2"]
[WhiteElo "2055"]
[BlackElo "2331"]
[PlyCount "120"]
[EventDate "2007.08.23"]

1. d4 Nf6 2. c4 e6 3. Nc3 Bb4 4. a3 Bxc3+ 5. bxc3 c5 6. Qc2 Nc6 7. Nf3 d5 8.
cxd5 exd5 9. e3 O-O 10. dxc5 Qa5 11. Bd3 Qxc5 12. O-O Bg4 13. Nd4 Ne5 14. Bb2
Nxd3 15. Qxd3 Rac8 16. f3 Bh5 17. Rfe1 Rfe8 18. Qb5 Bg6 19. Qxc5 Rxc5 20. Rad1
h6 21. Kf2 Nd7 22. Ne2 Nb6 23. Nf4 Bh7 24. Rd4 g5 25. Nd3 Bxd3 26. Rxd3 Rc4 27.
Red1 f5 28. g3 Kf7 29. Rd4 Ke6 30. e4 fxe4 31. fxe4 Rf8+ 32. Ke2 Rxd4 33. Rxd4
dxe4 34. Rxe4+ Kd6 35. a4 Rf7 36. Ba3+ Kd5 37. Rd4+ Ke5 38. Bd6+ Ke6 39. a5 Nd5
40. Bb4 Ke5 41. Rd3 g4 42. Bc5 Rc7 43. Bxa7 Nxc3+ 44. Kd2 Ne4+ 45. Ke3 Rc4 46.
Bb8+ Ke6 47. Rb3 Rc3+ 48. Rxc3 Nxc3 49. Kf4 h5 50. Kg5 Ne4+ 51. Kxh5 Kf5 52.
Bf4 Nf2 53. Be3 Nd3 54. Kh6 Ne5 55. Kg7 Ke6 56. Bf4 Nf3 57. Kg6 Nxh2 58. Kg5
Kd5 59. Kf5 Kc4 60. Ke6 Kb5 1/2-1/2

[Event "XXVII Festival Conca della Presolana A"]
[Site "Bratto - Castione della Presolana ITA"]
[Date "2007.08.27"]
[Round "5"]
[White "David, Alberto"]
[Black "Spassov, Liuben D."]
[Result "1/2-1/2"]
[WhiteElo "2529"]
[BlackElo "2383"]
[PlyCount "52"]
[EventDate "2007.08.23"]

1. e4 c6 2. d4 d5 3. e5 Bf5 4. Nc3 a6 5. g4 Bd7 6. Be3 e6 7. Nf3 Qc7 8. Qd2 c5
9. dxc5 Bxc5 10. Bxc5 Qxc5 11. O-O-O Ne7 12. h4 Qc7 13. Qg5 Rg8 14. Bd3 h6 15.
Qe3 Nbc6 16. Ne2 O-O-O 17. Ned4 Nxd4 18. Nxd4 Nc6 19. Nxc6 Bxc6 20. Qd4 Kb8 21.
a4 f6 22. Rhe1 Rdf8 23. f4 g5 24. hxg5 hxg5 25. f5 fxe5 26. Qxe5 exf5 1/2-1/2

[Event "XXVII Festival Conca della Presolana A"]
[Site "Bratto - Castione della Presolana ITA"]
[Date "2007.08.27"]
[Round "5"]
[White "De Santis, Alessio"]
[Black "Pepino, Enrico"]
[Result "1-0"]
[WhiteElo "2345"]
[BlackElo "2153"]
[PlyCount "71"]
[EventDate "2007.08.23"]

1. d4 Nf6 2. c4 g6 3. Nc3 Bg7 4. e4 d6 5. Be2 O-O 6. Bg5 c5 7. d5 a6 8. a4 e6
9. f3 exd5 10. cxd5 Re8 11. Qd2 Qa5 12. Ra3 h5 13. h4 Nbd7 14. Nh3 Ne5 15. Nf2
Bd7 16. O-O Rab8 17. Rb1 Nh7 18. Bf4 Qd8 19. g3 a5 20. Kg2 f5 21. Nb5 Bc8 22.
Re1 Rf8 23. Bf1 b6 24. Rae3 fxe4 25. Nxe4 Rxf4 26. gxf4 Qxh4 27. fxe5 Bxe5 28.
Kg1 Bf4 29. Qg2 Bf5 30. Nbxd6 Rf8 31. Nxf5 Rxf5 32. Qxg6+ Kh8 33. Bg2 Rf8 34.
Nd6 Qh2+ 35. Kf1 Bxd6 36. Re7 1-0

[Event "XXVII Festival Conca della Presolana A"]
[Site "Bratto - Castione della Presolana ITA"]
[Date "2007.08.27"]
[Round "5"]
[White "Dervishi, Erald"]
[Black "Epishin, Vladimir V."]
[Result "1/2-1/2"]
[WhiteElo "2553"]
[BlackElo "2587"]
[PlyCount "56"]
[EventDate "2007.08.23"]

1. e4 c6 2. d4 d5 3. Nd2 dxe4 4. Nxe4 Bf5 5. Ng3 Bg6 6. h4 h6 7. Nf3 Nd7 8. h5
Bh7 9. Bd3 Bxd3 10. Qxd3 Qc7 11. Bd2 Ngf6 12. O-O-O e6 13. Ne4 O-O-O 14. c4 c5
15. Nxf6 Nxf6 16. Be3 cxd4 17. Bxd4 Bc5 18. Qe2 Bxd4 19. Nxd4 Qc5 20. Nc2 Rxd1+
21. Kxd1 Rd8+ 22. Kc1 Qg5+ 23. Ne3 Rd4 24. g3 Qe5 25. Qf3 Qa5 26. a3 Qa4 27.
Qe2 Qc6 28. Rd1 Qe4 1/2-1/2

[Event "XXVII Festival Conca della Presolana A"]
[Site "Bratto - Castione della Presolana ITA"]
[Date "2007.08.27"]
[Round "5"]
[White "Di Lascio, Savino"]
[Black "Brun, Dario"]
[Result "0-1"]
[WhiteElo "2014"]
[BlackElo "2207"]
[PlyCount "90"]
[EventDate "2007.08.23"]

1. Nf3 d5 2. g3 c5 3. Bg2 Nc6 4. d3 e5 5. O-O Nf6 6. Nbd2 Be7 7. c3 O-O 8. Qc2
Re8 9. e4 Bf8 10. Re1 d4 11. a4 a6 12. Bf1 Rb8 13. c4 Nd7 14. Nb3 Nb4 15. Qd1
b5 16. axb5 axb5 17. cxb5 Rxb5 18. Bh3 Qc7 19. Ng5 h6 20. Nf3 Nxd3 21. Nbxd4
cxd4 22. Qxd3 Rb6 23. Qd1 Nc5 24. Ra8 Bd7 25. Rxe8 Bxe8 26. b4 Na4 27. Nh4 Bxb4
28. Re2 Nc3 29. Rc2 Ba4 30. Rxc3 Qxc3 31. Qxa4 Qxc1+ 32. Kg2 Qc6 33. Qxc6 Rxc6
34. Kf3 Rc2 35. Bf1 Be1 36. Be2 Bxf2 37. Ng2 Bg1 38. h3 Rc3+ 39. Kg4 h5+ 40.
Kf5 Rxg3 41. Nh4 Rxh3 42. Nf3 d3 43. Bd1 Bd4 44. Ng5 Rh1 45. Nxf7 Rxd1 0-1

[Event "XXVII Festival Conca della Presolana A"]
[Site "Bratto - Castione della Presolana ITA"]
[Date "2007.08.27"]
[Round "5"]
[White "Drabke, Lorenz Maximilian"]
[Black "Bagaturov, Giorgi"]
[Result "1/2-1/2"]
[WhiteElo "2416"]
[BlackElo "2474"]
[PlyCount "90"]
[EventDate "2007.08.23"]

1. e4 d6 2. d4 Nf6 3. Nc3 e5 4. dxe5 dxe5 5. Qxd8+ Kxd8 6. Bc4 Be6 7. Bxe6 fxe6
8. Be3 a6 9. f3 Bd6 10. Nh3 Ke7 11. Nf2 Nc6 12. Nb1 Nb4 13. Na3 b5 14. c3 Nc6
15. Nb1 Na5 16. Nd2 c5 17. Ke2 Rhc8 18. b3 Rab8 19. Rhc1 Nd7 20. Nd1 Kf7 21.
Nb2 Be7 22. Rc2 c4 23. b4 Nb7 24. a4 Nd6 25. Nd1 Nb6 26. axb5 axb5 27. Bxb6
Rxb6 28. Ra7 Nb7 29. Rca2 Nd8 30. Ne3 Nc6 31. R7a6 Rb7 32. Ra8 Rxa8 33. Rxa8
Bd8 34. Nb1 Ke7 35. Na3 Kd7 36. Ra6 Rb8 37. Nb1 Bb6 38. Na3 Bd8 39. Nb1 Kc7 40.
Ra1 Bg5 41. Na3 Bxe3 42. Kxe3 Rd8 43. Ke2 Rd3 44. Nb1 Kb6 45. Ra8 Rd8 1/2-1/2

[Event "XXVII Festival Conca della Presolana A"]
[Site "Bratto - Castione della Presolana ITA"]
[Date "2007.08.27"]
[Round "5"]
[White "Esen, Baris"]
[Black "Lanzani, Mario"]
[Result "1/2-1/2"]
[WhiteElo "2441"]
[BlackElo "2336"]
[PlyCount "109"]
[EventDate "2007.08.23"]

1. d4 Nf6 2. c4 e6 3. Nc3 c5 4. d5 exd5 5. cxd5 d6 6. Nf3 g6 7. e4 Bg7 8. h3
O-O 9. Bd3 b5 10. Bxb5 Nxe4 11. Nxe4 Qa5+ 12. Nfd2 Qxb5 13. Nxd6 Qa6 14. N2c4
Nd7 15. O-O Ne5 16. Nxe5 Qxd6 17. Nc4 Qa6 18. Qe2 Bb7 19. Rd1 Rad8 20. d6 Bd4
21. Be3 Rxd6 22. Bxd4 Rxd4 23. b3 Qc6 24. f3 Ba6 25. Rac1 Re8 26. Qf1 Red8 27.
Re1 Bxc4 28. Rxc4 Rxc4 29. Qxc4 Rd4 30. Qc3 Qd6 31. Rc1 h5 32. Re1 Rd1 33. Rxd1
Qxd1+ 34. Kf2 h4 35. a4 Qd6 36. Ke3 Qd1 37. Qb2 Qd5 38. Qc3 Qd1 39. Kf4 Qd5 40.
a5 Qf5+ 41. Ke3 Qg5+ 42. Kf2 Qd5 43. f4 a6 44. Qe3 c4 45. bxc4 Qxc4 46. Qe5
Qc2+ 47. Kf3 Qd3+ 48. Kf2 Qd2+ 49. Kg1 Qd1+ 50. Kh2 Qd3 51. Qg5 Qd2 52. Qe5 Qd3
53. Qe8+ Kg7 54. Qe5+ Kg8 55. Qe8+ 1/2-1/2

[Event "XXVII Festival Conca della Presolana A"]
[Site "Bratto - Castione della Presolana ITA"]
[Date "2007.08.27"]
[Round "5"]
[White "Esplugas Esteve, Vicenc"]
[Black "Djabri, Zafer M."]
[Result "1-0"]
[WhiteElo "2012"]
[BlackElo "2091"]
[PlyCount "91"]
[EventDate "2007.08.23"]

1. d4 d5 2. c4 dxc4 3. e4 e5 4. Nf3 exd4 5. Bxc4 Bb4+ 6. Bd2 Bxd2+ 7. Nbxd2 Nf6
8. e5 Nd5 9. Qb3 c6 10. O-O O-O 11. Rad1 Nb6 12. Bd3 Be6 13. Qc2 h6 14. Ne4
N8d7 15. Nxd4 Nxe5 16. Nxe6 fxe6 17. Nc5 Qe7 18. Rfe1 Nxd3 19. Rxd3 Rf6 20.
Rde3 Nd5 21. Rxe6 Rxe6 22. Rxe6 Qg5 23. g3 Rf8 24. Nd7 Qf5 25. Qxf5 Rxf5 26.
Re8+ Kf7 27. Rb8 b6 28. f4 g5 29. Ne5+ Ke6 30. Nxc6 Kd6 31. Nd4 Rf7 32. fxg5
hxg5 33. Rd8+ Ke5 34. Nc6+ Ke4 35. Re8+ Kf5 36. Re5+ Kg4 37. Rxd5 Rc7 38. Rd6
Kf5 39. Kf2 g4 40. b4 Rh7 41. Kg2 Rc7 42. b5 Kg5 43. a4 Rh7 44. Rd4 Rc7 45. Re4
Rd7 46. Rxg4+ 1-0

[Event "XXVII Festival Conca della Presolana A"]
[Site "Bratto - Castione della Presolana ITA"]
[Date "2007.08.27"]
[Round "5"]
[White "Gallucci, Alessio"]
[Black "Sax, Gyula"]
[Result "0-1"]
[WhiteElo "2006"]
[BlackElo "2522"]
[PlyCount "44"]
[EventDate "2007.08.23"]

1. e4 c5 2. Nf3 e6 3. d4 cxd4 4. Nxd4 a6 5. Bd3 Qb6 6. Nb3 Qc7 7. O-O Nf6 8.
Qe2 d6 9. c4 g6 10. Nc3 Bg7 11. Be3 Nbd7 12. f4 O-O 13. Rae1 b6 14. g4 Bb7 15.
g5 Nh5 16. Nd4 Nxf4 17. Rxf4 Bxd4 18. Bxd4 e5 19. Bxe5 Nxe5 20. b3 Qc5+ 21. Kh1
Qd4 22. Nd5 Nxd3 0-1

[Event "XXVII Festival Conca della Presolana A"]
[Site "Bratto - Castione della Presolana ITA"]
[Date "2007.08.27"]
[Round "5"]
[White "Gasperoni, Stefano"]
[Black "Bonafede, Alessandro"]
[Result "0-1"]
[WhiteElo "2024"]
[BlackElo "2234"]
[PlyCount "72"]
[EventDate "2007.08.23"]

1. e4 c5 2. Nf3 Nc6 3. d4 cxd4 4. Nxd4 Nf6 5. Nc3 e5 6. Ndb5 d6 7. Nd5 Nxd5 8.
exd5 Nb8 9. c4 Be7 10. Bd3 O-O 11. O-O a6 12. Nc3 f5 13. f3 Bg5 14. Kh1 Nd7 15.
Qe2 Kh8 16. Be3 Bxe3 17. Qxe3 Qf6 18. Rac1 e4 19. fxe4 f4 20. Qf2 Ne5 21. Be2
Bg4 22. Nd1 Qh6 23. Rc3 Rae8 24. Bf3 Rf6 25. Qe2 Bd7 26. Kg1 Qh4 27. Qf2 Qg5
28. Kh1 Rh6 29. b4 Bg4 30. c5 Qh5 31. Qg1 Nxf3 32. gxf3 Bh3 33. Rf2 Rg6 34. Qe1
Qh4 35. Qd2 Qg5 36. Qe1 Bg2+ 0-1

[Event "XXVII Festival Conca della Presolana A"]
[Site "Bratto - Castione della Presolana ITA"]
[Date "2007.08.27"]
[Round "5"]
[White "Khenkin, Igor"]
[Black "Fierro Baquero, Martha Lorena"]
[Result "1-0"]
[WhiteElo "2602"]
[BlackElo "2344"]
[PlyCount "63"]
[EventDate "2007.08.23"]

1. d4 c5 2. d5 g6 3. e4 d6 4. Nf3 Bg7 5. Bb5+ Bd7 6. a4 Nf6 7. Nc3 O-O 8. O-O
Bg4 9. Re1 Nfd7 10. Be2 Bxf3 11. Bxf3 Na6 12. Be2 Nc7 13. Be3 a6 14. Qd2 Rb8
15. a5 b5 16. axb6 Rxb6 17. Ra2 Qa8 18. Na4 Rb4 19. f3 Re8 20. c3 Rb7 21. Bh6
Nb6 22. Nxb6 Rxb6 23. Bxg7 Kxg7 24. f4 Qb7 25. Bc4 Rb8 26. b3 Qc8 27. h3 Kg8
28. Qe3 Qf8 29. e5 Qg7 30. Kh2 h5 31. Rf2 Ra8 32. b4 {...} 1-0

[Event "XXVII Festival Conca della Presolana A"]
[Site "Bratto - Castione della Presolana ITA"]
[Date "2007.08.27"]
[Round "5"]
[White "Kilpatrick, Callum"]
[Black "Vocaturo, Daniele"]
[Result "1-0"]
[WhiteElo "2120"]
[BlackElo "2459"]
[PlyCount "137"]
[EventDate "2007.08.23"]

1. e4 c5 2. Nf3 d6 3. d4 cxd4 4. Nxd4 Nf6 5. Nc3 g6 6. Be3 Bg7 7. f3 O-O 8. Qd2
Nc6 9. O-O-O d5 10. exd5 Nxd5 11. Nxc6 bxc6 12. Bd4 e5 13. Bc5 Be6 14. Ne4 Re8
15. h4 h6 16. g4 Qc7 17. Bd6 Qb6 18. Bc5 Qc7 19. Bd6 Qb7 20. Ba3 Rad8 21. c4
Qc7 22. cxd5 cxd5+ 23. Qc3 Qb6 24. Nc5 Rc8 25. Kb1 Bf8 26. Rc1 d4 27. Qb4 Bd5
28. Qxb6 axb6 29. Ne4 Rxc1+ 30. Kxc1 Bg7 31. b3 Ra8 32. Bb2 Rxa2 33. Nd2 Ra7
34. Bc4 Bc6 35. h5 b5 36. Bd3 gxh5 37. Rxh5 f6 38. Be4 Be8 39. Rh1 Bf7 40. Kc2
Bf8 41. Ra1 Rc7+ 42. Kd1 Bb4 43. Ra8+ Kg7 44. Ba3 Bxa3 45. Rxa3 h5 46. gxh5
Bxh5 47. Ra5 Be8 48. Bd3 Kh6 49. Ra6 Kg5 50. Ne4+ Kf4 51. Ke2 f5 52. Rf6 Rf7
53. b4 Rxf6 54. Nxf6 Bc6 55. Nh5+ Kg5 56. Ng3 Kf4 57. Nxf5 Bxf3+ 58. Kd2 Bg2
59. Nh4 Be4 60. Ng6+ Kf5 61. Ne7+ Kf4 62. Bxb5 Bh7 63. Nd5+ Kf5 64. Bd7+ Kg5
65. b5 Be4 66. Bc6 Bf5 67. Ne7 Bh7 68. b6 e4 69. b7 1-0

[Event "XXVII Festival Conca della Presolana A"]
[Site "Bratto - Castione della Presolana ITA"]
[Date "2007.08.27"]
[Round "5"]
[White "Madiai, Federico"]
[Black "Lampl, Gerald"]
[Result "1/2-1/2"]
[WhiteElo "2044"]
[BlackElo "2099"]
[PlyCount "100"]
[EventDate "2007.08.23"]

1. Nf3 Nf6 2. d4 g6 3. c4 Bg7 4. Nc3 d6 5. e4 O-O 6. Be2 e5 7. O-O exd4 8. Nxd4
Re8 9. f3 Nc6 10. Nxc6 bxc6 11. Be3 Nd7 12. Qd2 c5 13. Bg5 Bd4+ 14. Kh1 Bf6 15.
Be3 Ne5 16. Rae1 Nc6 17. Bd1 Na5 18. b3 Nc6 19. Bc2 Bd4 20. Ne2 Bxe3 21. Qxe3
Qf6 22. Qc3 Qxc3 23. Nxc3 Nd4 24. Bd1 Bb7 25. Kg1 Bc6 26. Kf2 a5 27. Re3 Re7
28. Rfe1 Rae8 29. f4 f6 30. h4 Kg7 31. g4 h6 32. Nd5 Bxd5 33. exd5 Rxe3 34.
Rxe3 Rxe3 35. Kxe3 h5 36. Kd2 c6 37. dxc6 Nxc6 38. gxh5 gxh5 39. Bxh5 Nb4 40.
a3 Nc6 41. Kc3 Ne7 42. b4 axb4+ 43. axb4 cxb4+ 44. Kxb4 Nf5 45. c5 dxc5+ 46.
Kxc5 Nxh4 47. Kd4 Nf5+ 48. Kd3 Kf8 49. Bd1 Ke7 50. Ke4 Nd6+ 1/2-1/2

[Event "XXVII Festival Conca della Presolana A"]
[Site "Bratto - Castione della Presolana ITA"]
[Date "2007.08.27"]
[Round "5"]
[White "Martinez, Rolly"]
[Black "Godena, Michele"]
[Result "1-0"]
[WhiteElo "2428"]
[BlackElo "2547"]
[PlyCount "81"]
[EventDate "2007.08.23"]

1. e4 e5 2. Nf3 Nc6 3. Bc4 Bc5 4. c3 Nf6 5. d3 O-O 6. b4 Be7 7. Qb3 a5 8. b5 a4
9. Qc2 Na5 10. Nxe5 d5 11. exd5 Nxd5 12. O-O Bf6 13. Re1 Re8 14. f4 Nxc4 15.
dxc4 Nb6 16. Nd2 Bxe5 17. fxe5 Qh4 18. Nf3 Qxc4 19. Be3 Nd7 20. Bd4 Nf8 21.
Rab1 Be6 22. a3 c5 23. bxc6 Qxc6 24. Rb6 Qc7 25. Rd6 Bg4 26. Rf1 Ne6 27. Rxe6
Bxe6 28. Ng5 g6 29. Qf2 h6 30. Ne4 Kg7 31. Qf6+ Kh7 32. Qh4 Qe7 33. Rf6 Kg7 34.
Be3 h5 35. Qg5 Qf8 36. Qh6+ Kg8 37. Rxg6+ fxg6 38. Qxg6+ Qg7 39. Nf6+ Kf8 40.
Bh6 Re7 41. Nxh5 1-0

[Event "XXVII Festival Conca della Presolana A"]
[Site "Bratto - Castione della Presolana ITA"]
[Date "2007.08.27"]
[Round "5"]
[White "Mazzariol, Oscar"]
[Black "Capurro, Giuliano"]
[Result "1-0"]
[WhiteElo "2035"]
[BlackElo "2139"]
[PlyCount "67"]
[EventDate "2007.08.23"]

1. d4 d5 2. c4 e6 3. Nc3 Nf6 4. cxd5 exd5 5. Bg5 c6 6. e3 Bb4 7. Qc2 h6 8. Bh4
g5 9. Bg3 Ne4 10. Bd3 Bf5 11. Be5 O-O 12. h4 f6 13. Bxb8 Rxb8 14. hxg5 fxg5 15.
Rxh6 Kg7 16. Rh2 Qa5 17. Nge2 Qc7 18. g3 Rh8 19. Rxh8 Rxh8 20. O-O-O Rh2 21.
Nxe4 dxe4 22. Bxe4 Rxf2 23. Bxf5 Qf7 24. Bd3 Qf3 25. e4 a5 26. a3 Be7 27. Qc4
Qf8 28. e5 Bxa3 29. bxa3 Qxa3+ 30. Kd2 Rf3 31. Rh1 Qb2+ 32. Bc2 Qb4+ 33. Qxb4
axb4 34. Rb1 1-0

[Event "XXVII Festival Conca della Presolana A"]
[Site "Bratto - Castione della Presolana ITA"]
[Date "2007.08.27"]
[Round "5"]
[White "Miatello, Alberto"]
[Black "Moncelli, Giorgio"]
[Result "1/2-1/2"]
[WhiteElo "2062"]
[BlackElo "2147"]
[PlyCount "92"]
[EventDate "2007.08.23"]

1. e4 e5 2. Nf3 Nf6 3. Nxe5 d6 4. Nc4 Nxe4 5. d4 d5 6. Ne3 Be7 7. Nd2 Nf6 8.
Bd3 O-O 9. O-O c5 10. dxc5 Bxc5 11. Nb3 Bb6 12. a4 Nc6 13. c3 Re8 14. Bb5 a6
15. Bxc6 bxc6 16. a5 Bc7 17. Nd4 Qd6 18. f4 Ne4 19. Qf3 g6 20. Ng4 c5 21. f5
Rf8 22. Qh3 cxd4 23. Bf4 Qxf4 24. Rxf4 Bxf4 25. Rf1 Bg5 26. cxd4 Bxf5 27. Nh6+
Bxh6 28. Qxh6 Be6 29. Rf4 Rfc8 30. h3 f5 31. h4 Nf6 32. Qg5 Kg7 33. Rf1 Rc2 34.
h5 Rb8 35. h6+ Kf7 36. g4 Ne4 37. Qf4 Rbxb2 38. Rf3 Rb1+ 39. Rf1 Rxf1+ 40. Qxf1
Rc4 41. Qb1 Bc8 42. gxf5 gxf5 43. Qb6 Rc1+ 44. Kh2 Rc2+ 45. Kg1 Rc1+ 46. Kh2
Rc2+ 1/2-1/2

[Event "XXVII Festival Conca della Presolana A"]
[Site "Bratto - Castione della Presolana ITA"]
[Date "2007.08.27"]
[Round "5"]
[White "Pagnoncelli, Marco"]
[Black "Bassis, Ivano"]
[Result "1/2-1/2"]
[WhiteElo "2129"]
[BlackElo "2026"]
[PlyCount "33"]
[EventDate "2007.08.23"]

1. e4 d5 2. exd5 Qxd5 3. Nc3 Qa5 4. d4 Nf6 5. Bc4 c6 6. Bf4 Bf5 7. Nf3 e6 8.
O-O Nbd7 9. a3 Be7 10. Ne5 O-O 11. Re1 Qd8 12. Bb3 Nd5 13. Nxd5 cxd5 14. g4 Be4
15. f3 Nxe5 16. Bxe5 Bg6 17. Bg3 1/2-1/2

[Event "XXVII Festival Conca della Presolana A"]
[Site "Bratto - Castione della Presolana ITA"]
[Date "2007.08.27"]
[Round "5"]
[White "Parodi, Alessandro"]
[Black "Bonazzi, Edoardo"]
[Result "1/2-1/2"]
[WhiteElo "1961"]
[BlackElo "2185"]
[PlyCount "67"]
[EventDate "2007.08.23"]

1. d4 Nf6 2. c4 c5 3. d5 b5 4. cxb5 g6 5. Nc3 a6 6. e4 d6 7. a4 Bg7 8. Ra3 O-O
9. Bd2 e6 10. Nf3 exd5 11. exd5 Re8+ 12. Be2 Bb7 13. O-O Nbd7 14. Qb3 Qc7 15.
Bc4 Nb6 16. Rd1 Ne4 17. bxa6 Bxa6 18. Bxa6 Nxc3 19. Bxc3 Rxa6 20. Bxg7 Kxg7 21.
a5 Nd7 22. Qc3+ Kg8 23. b4 Qb7 24. bxc5 Nxc5 25. Ra2 Qb3 26. Qxb3 Nxb3 27. Ra3
Nc5 28. Nd4 Rb8 29. Nc6 Rb5 30. h3 Kf8 31. Rf3 Nd7 32. Rc1 Ra8 33. Rd1 Rc5 34.
Rb3 1/2-1/2

[Event "XXVII Festival Conca della Presolana A"]
[Site "Bratto - Castione della Presolana ITA"]
[Date "2007.08.27"]
[Round "5"]
[White "Pegoraro, Nicola"]
[Black "Griffa, Roberto"]
[Result "0-1"]
[WhiteElo "2061"]
[BlackElo "2121"]
[PlyCount "84"]
[EventDate "2007.08.23"]

1. e4 d5 2. d4 c6 3. Nc3 dxe4 4. Bc4 Nf6 5. f3 e3 6. Bxe3 e6 7. Nge2 Nbd7 8.
Qd2 b5 9. Bd3 a6 10. O-O Bb7 11. Ne4 Be7 12. N2g3 O-O 13. Qf2 Rc8 14. Rad1 Nd5
15. Nc5 Nxc5 16. dxc5 Qc7 17. Bd2 Bh4 18. Rfe1 Nf4 19. Bxf4 Qxf4 20. Re4 Qh6
21. Rd4 Rcd8 22. Be4 f5 23. Rxd8 Rxd8 24. Rxd8+ Bxd8 25. Bd3 Qc1+ 26. Nf1 Qxb2
27. Qe3 Kf7 28. Qf4 Bc8 29. Qd6 Be7 30. Qxc6 Qd4+ 31. Kh1 Bd7 32. Qc7 Bxc5 33.
Ne3 Qxe3 34. Qxd7+ Kg6 35. Bxf5+ exf5 36. Qd1 Qd4 37. Qe1 Kf6 38. c3 Qe3 39.
Qa1 Ke6 40. a3 Qg1+ 41. Qxg1 Bxg1 42. Kxg1 Kd5 0-1